| 000 | 00619nam a2200241 i 4500 | ||
|---|---|---|---|
| 001 | bg | ||
| 100 | 1 | _aNORTON, Peter | |
| 245 | 1 | 0 | _aPeter Norton rozwiązuje problemy z PC. |
| 260 |
_aWarszawa : _bPLJ, _c1995. |
||
| 300 |
_a530 s. ; _c24 cm. |
||
| 650 | 9 |
_aKomputery _xbudowa i organizacja |
|
| 650 | 9 |
_aKomputery _xobsługa i eksploatacja |
|
| 650 | 9 | _aDOS | |
| 655 | _aPodręczniki | ||
| 700 | 1 | _aJURDAIN, Robert | |
| 020 | _a8371012373 | ||
| 040 | _cBPK | ||
| 041 | 1 |
_apl _hen |
|
| 080 | _a004.3:004.451DOS](07) | ||
| 920 | _a83-7101-237-3 | ||
| 942 | _cKS | ||
| 008 | s pl f |000 0 pol | ||
| 999 |
_c36993 _d36993 |
||
| 856 |
_uhttp://koha.tu.koszalin.pl/cgi-bin/koha/opac-detail.pl?biblionumber=36993 _yKatalog online BPK |
||